Biblioteca y Centro de Documentación

Vista normal Vista MARC

Entrada Nombre personal

Número de registros utilizados en: 1

001 - NÚMERO DE CONTROL

  • Campo de control: 41559

003 - IDENTIFICADOR DE NÚMERO DE CONTROL

  • Campo de control: ES-MaCES

005 - FECHA Y HORA DE LA ULTIMA MODIFICACION

  • Campo de control: 20251111125634.0

008 - ELEMENTOS DE DATOS DE LONGITUD FIJA

  • Campo de longitud fija: 251111|| azz||aabn | a|a d

040 ## - FUENTE DE LA CATALOGACIÓN

  • Agencia original de catalogación: ES-MaCES

100 1# - ENCABEZAMIENTO--NOMBRE DE PERSONA

  • Nombre personal: Jaime Jiménez, Óscar

400 1# - TRAZADO VEÁSE--NOMBRE DE PERSONA

  • Nombre personal: Jaime, Óscar

670 ## - FUENTE DE DATOS ENCONTRADOS

  • Fuente de citación: Dialnet y BN
© CES, Consejo Económico y Social de España 2021